000 00245nam a2200097Ia 4500
008 240331s9999 xx 000 0 und d
082 _bCOO
100 _aGaur,N. ed
245 0 _aCooperative development,peace and security in south India
942 _cL
999 _c4607
_d4607